Statistics for Sonic the Hedgehog Games

Click here to take the quiz!

General Stats

  • This quiz has been taken 29 times
  • The average score is 11 of 16

Answer Stats

YearGame% Correct
1991Sonic the Hedgehog
100%
2006Sonic the Hedgehog
91%
1992Sonic the Hedgehog 2
91%
1994Sonic the Hedgehog 3
91%
2017Sonic Forces
83%
2017Sonic Mania
78%
2003Sonic Heroes
74%
1998Sonic Adventure
70%
2010Sonic Colors
65%
1993Sonic CD
61%
2011Sonic Generations
61%
2001Sonic Adventure 2
57%
2008Sonic Unleashed
57%
2010Sonic the Hedgehog 4: Episode 1
48%
2012Sonic the Hedgehog 4: Episode 2
48%
2013Sonic Lost World
30%

Score Distribution

Percentile by Number Answered

Percent of People with Each Score

Your Score History

You have not taken this quiz